Politika a printové médiá

Úloha printových médií v spoločenskom, politickom a kultúrnom dianí doma i v zahraničí. Vzájomná interdependencia a charakterizovanie teoretických východísk vzťahu politiky a printových médií.

Na minha lista:
Detalhes bibliográficos
Autor principal: Prociková, Júlia
Formato: Capítulo de Livro
Idioma:eslovaco
Assuntos:
Tags: Adicionar Tag
Sem tags, seja o primeiro a adicionar uma tag!

MARC

LEADER 00000nla a2200000 4500
001 0167058
005 20240502072918.6
041 0 |a slo 
044 |a SK 
245 1 0 |a Politika a printové médiá  |c Júlia Prociková 
520 |a Úloha printových médií v spoločenskom, politickom a kultúrnom dianí doma i v zahraničí. Vzájomná interdependencia a charakterizovanie teoretických východísk vzťahu politiky a printových médií. 
610 2 0 |a komunikácia externá 
610 2 0 |a komunikácia masmediálna 
610 2 0 |a vzťahy s verejnosťou 
610 2 0 |a publicistika 
610 2 0 |a médiá 
610 2 0 |a mienka verejná 
610 2 0 |a politika 
100 1 |a Prociková, Júlia